L'Ille et Vilaine en Image - Statistiques

Statistiques générales
  • Ce quiz a été pris 225 fois
    214 depuis la dernière actualisation
  • Le résultat moyen est 12 sur 18
Statistiques - réponses
Par images Hint Réponse % Correct
Langue Breton
99%
Capitale de la Bretagne Rennes
99%
Cité Corsaire Saint Malo
97%
Journal Régional Ouest France
89%
Spécialité Bretonne Galette-Saucisse
85%
Site Naturel Forêt de Brocéliande
84%
Club de Foot Stade Rennais
78%
Évènement Sportif Route du Rhum
70%
Stade Roazhon Park
64%
Chaîne YouTube Joueur du grenier
61%
Massif Massif {Armoricain}
61%
Estuaire / Fleuve Rance
56%
Coquillage Huître plate de Cancal
54%
Pays Breton Pays de Dol
54%
Explorateur Jacques Cartier
53%
Château Château de {Vitré}
50%
Salon agricole SPACE / Salon des Productions Animales - Carrefour Européen
30%
Monument Roche aux fées
9%
Aucun quiz correspondant
Distribution des résultats
% des personnes avec chaque résultat
Percentile par nombre de réponses
Votre historique - résultats
Vous n’avez pas pris ce quiz depuis la dernière actualisation